000 nam a22 7a 4500
999 _c7333
_d7333
008 170814b xxu||||| |||| 00| 0 eng d
100 _aArora Sumita
_93871
245 _aFoundation of Information technology
260 _aNew delhi
_bDhanpat Rai
_c2016